| 000 | 00821nam a2200241 i 4500 | ||
|---|---|---|---|
| 001 | 13534 | ||
| 003 | ES-MaACL | ||
| 005 | 20250823063027.0 | ||
| 007 | t| | ||
| 008 | 980428s1989 sp ||||1| spa d | ||
| 020 | _a84-505-9037-X | ||
| 080 | _a75 Meléndez, Miguel Jacinto(064.3) | ||
| 100 | 1 |
_aSantiago Páez, Elena _9103409 |
|
| 245 | 1 | 0 |
_aMiguel Jacinto Meléndez _b: pintor de Felipe V / _cElena María Santiago Páez. |
| 260 |
_aOviedo : _bMuseo de Bellas Artes de Asturias, _c[1989] |
||
| 300 |
_a225 p. : _bil. col. ; _c30 cm. |
||
| 600 | 1 | 4 |
_aMeléndez, Miguel Jacinto- _vExposiciones. _979915 |
| 655 | 7 |
_2tgfbne _9193628 _aCatálogos de exposiciones |
|
| 710 | 2 |
_aMuseo de Bellas Artes de Asturias. _95843 |
|
| 852 |
_aES-MaACL _jL-20831 _bR.126537 |
||
| 942 | _2udc | ||
| 999 |
_c13534 _d13534 |
||